| 000 | 00906nam a22001937a 4500 | ||
|---|---|---|---|
| 008 | 110522s2011 ua|||||r|||| 000 0 ara d | ||
| 020 | _a9789776376106 | ||
| 082 |
_222 _a301.962 _bص ي ا |
||
| 100 |
_924011 _aالصياد، مصطفى |
||
| 245 |
_a :استيجماتزم في المخ _bحكايات سلخرة عن الأوضاع الطائفية في مصر / _cمصطفى الصياد ، مينا شنوده |
||
| 246 |
_aAstigmatism in the Brain: _bIronic Tales of Sectarianism in Egypt |
||
| 250 | _aط2 | ||
| 260 |
_aالقاهرة: _bدار كيان ، 2011 _c2011 |
||
| 300 |
_a191 ص؛ _c20 سم |
||
| 650 |
_916177 _aالمجتمع المصري |
||
| 651 |
_913710 _aمصر _xالأحوال الاجتماعية |
||
| 942 |
_2ddc _cBB |
||
| 999 |
_c15355 _d15355 |
||